|
|
|
|
| LEADER |
01007nam a2200241 a 4500 |
| 001 |
GR-MES5198 |
| 008 |
991111s1991 gr 000 b eng d |
| 020 |
|
|
|a 0521417813
|
| 040 |
|
|
|a GrPaTEI
|b gre
|c GR-PaULI
|
| 245 |
0 |
0 |
|a Political economy:institutions,competition and representation :
|b proceedings of the seventh international symposium in economic theory and econometrics.
|
| 260 |
|
|
|a Camdridge :
|b Cambridge University,
|c 1991
|
| 300 |
|
|
|a xi,522σ.
|
| 500 |
|
|
|a Περιλαμβάνει ευρετήριο.
|
| 650 |
|
4 |
|a Οικονομετρία
|
| 650 |
|
4 |
|a Οικονομία
|
| 650 |
|
4 |
|a Πολιτική οικονομία
|
| 700 |
1 |
|
|a Barnett, W.
|
| 700 |
1 |
|
|a Schofield, N.
|
| 710 |
2 |
|
|a University of Cambridge.
|
| 942 |
|
|
|2 ddc
|
| 952 |
|
|
|0 0
|1 0
|2 ddc
|4 0
|6 338_900000000000000_BAR
|7 0
|9 275768
|a MSLG
|b MSLG
|c BSC
|d 2021-01-17
|e 24
|f 0
|g 0.00
|l 0
|o 338.9 BAR
|p 2420000015062
|r 2021-01-17 00:00:00
|t 1
|w 2021-01-17
|y BK15
|x 19991111 0 1
|x GrPaTEI
|
| 971 |
|
|
|a .b25836651
|b 16-04-20
|c 14-09-16
|
| 999 |
|
|
|c 159828
|d 159828
|